00402 a2200109 4500001001000000005001700010008004100027245008800068100002300156700002200179773009100201ART_3977420260410162012.0260409a 10aLos cambios organizacionales y tecnológicos en las pequeñas y medianas empresas1 aKosacoff, Bernardo1 aLópez, Andrés0 tRevista de la Escuela de Economía y Negociosg- Año 2, Nº 4 (abr. 2000)wREV39725